000
00233 a2200097 4500
001
24566
100
_a
Gray, A
245
_a
Principles and Practice of Electrical Engineering
260
_a
_b
McGraw-Hill
_c
1962
090
_c
16616
_d
16616
942
_a
NUST-CAE
_c
M
_c
7354
999
_c
259639
_d
259639